|
|
|
|
| LEADER |
02425nam a2200673 i 4500 |
| 001 |
nkc20243645521 |
| 003 |
CZ PrNK |
| 005 |
20250107134017.0 |
| 007 |
ta |
| 008 |
241129s2024 xr ac b f 000 0 cze |
| 015 |
|
|
|a cnb003645521
|
| 020 |
|
|
|a 978-80-00-07378-1
|q (vázáno) :
|c Kč 399,00
|
| 035 |
|
|
|a (OCoLC)1498300863
|
| 040 |
|
|
|a OLA001
|b cze
|e rda
|
| 072 |
|
7 |
|a 629
|x Dopravní prostředky
|2 Konspekt
|9 19
|
| 072 |
|
7 |
|a 0/9-053.2
|x Literatura pro děti a mládež (naučná)
|2 Konspekt
|9 26
|
| 080 |
|
|
|a 629.7.07
|2 MRF
|
| 080 |
|
|
|a 629.7(091)
|2 MRF
|
| 080 |
|
|
|a 629.733.3
|2 MRF
|
| 080 |
|
|
|a 629.733.5
|2 MRF
|
| 080 |
|
|
|a 629.734/.735
|2 MRF
|
| 080 |
|
|
|a (0.062)
|2 MRF
|
| 080 |
|
|
|a (084.11)
|2 MRF
|
| 080 |
|
|
|a (0.053.2)
|2 MRF
|
| 100 |
1 |
|
|a Svoboda, Tomáš,
|d 1975-
|7 xx0325791
|4 aut
|4 ill
|
| 245 |
1 |
0 |
|a Hurá do oblak :
|b o létání s dědečkem Eduardem /
|c napsal a nakreslil Tomáš Smot Svoboda
|
| 250 |
|
|
|a 1. vydání
|
| 264 |
|
1 |
|a V Praze :
|b Albatros,
|c 2024
|
| 300 |
|
|
|a 55 stran :
|b barevné ilustrace, portréty ;
|c 33 cm
|
| 336 |
|
|
|a text
|b txt
|2 rdacontent
|
| 336 |
|
|
|a statický obraz
|b sti
|2 rdacontent
|
| 337 |
|
|
|a bez média
|b n
|2 rdamedia
|
| 338 |
|
|
|a svazek
|b nc
|2 rdacarrier
|
| 500 |
|
|
|a Pro nakladatelství Albatros, ve společnosti Albatros Media a.s. připravilo nakladatelství B4U Publishing
|
| 521 |
8 |
|
|a Pro čtenáře od 8 let
|
| 650 |
0 |
7 |
|a létání
|7 ph122523
|2 czenas
|
| 650 |
0 |
7 |
|a dějiny letectví
|7 ph488979
|2 czenas
|
| 650 |
0 |
7 |
|a balony (létání)
|7 ph369337
|2 czenas
|
| 650 |
0 |
7 |
|a vzducholodě
|7 ph153408
|2 czenas
|
| 650 |
0 |
7 |
|a letadla
|7 ph115124
|2 czenas
|
| 650 |
0 |
9 |
|a flying
|2 eczenas
|
| 650 |
0 |
9 |
|a history of aviation
|2 eczenas
|
| 650 |
0 |
9 |
|a balloons (aeronautics)
|2 eczenas
|
| 650 |
0 |
9 |
|a airships
|2 eczenas
|
| 650 |
0 |
9 |
|a airplanes
|2 eczenas
|
| 655 |
|
7 |
|a populárně-naučné publikace
|7 fd131864
|2 czenas
|
| 655 |
|
7 |
|a obrazové publikace
|7 fd132947
|2 czenas
|
| 655 |
|
7 |
|a publikace pro děti
|7 fd133156
|2 czenas
|
| 655 |
|
9 |
|a popular works
|2 eczenas
|
| 655 |
|
9 |
|a pictorial works
|2 eczenas
|
| 655 |
|
9 |
|a children's literature
|2 eczenas
|
| 910 |
2 |
|
|a BOA001
|b 4-1535.665
|
| 928 |
9 |
|
|a B4U Publishing
|
| 928 |
9 |
|
|a Albatros Media - Albatros
|
| 928 |
9 |
|
|a Albatros Media - B4U Publishing
|
| 990 |
|
|
|a BK
|
| 995 |
|
|
|a 01
|
| 991 |
|
|
|b 202501
|c NOV
|
| 996 |
6 |
|
|b 2610986479
|c 4-1535.665
|l MZK
|r Sklad / do 1 hodiny
|n 0
|p p.v.
|w 001987967
|u 000010
|a 1
|e BOA001
|j MZK50
|s P
|